| 000 | 00650nam a2200217 a 4500 | ||
|---|---|---|---|
| 005 | 20260322212053.0 | ||
| 008 | data | ||
| 010 | _a80-19396 | ||
| 020 | _a0139144323 | ||
| 020 | _a978-0-13-914432-5 | ||
| 090 | _aBF 318 H55 1981 | ||
| 100 | 1 | _aBower, Gordon H. | |
| 245 | 1 | 0 |
_aTheories of learning/ _cGordon H. Bower. |
| 250 | _a5th edit. | ||
| 260 |
_aNew Jersey _bPrentice-Hall _cc1975 |
||
| 300 | _a647 p. | ||
| 500 | _aBibliography ; includes index.. | ||
| 650 | 4 | _aLearning, Psychology of. | |
| 856 | 4 | 0 |
_uhttps://openlibrary.org/books/OL5045030M/Theories_of_learning _yOnline access from the Open Library. _zRequires free sign up. |
| 001 | data | ||
| 999 |
_c1259 _d1259 |
||